Les sources de l'histoire de France XVIe siècle (1494-1610) / (Record no. 78407)

MARC details
000 -LEADER
campo de control de longitud fija 01170nam a2200253 i 4500
001 - NÚMERO DE CONTROL
campo de control 78407
003 - IDENTIFICADOR DE NÚMERO DE CONTROL
campo de control ES-MaACL
005 - FECHA Y HORA DE LA ÚLTIMA TRANSACCIÓN
campo de control 20230906173707.0
007 - CAMPO FIJO DE DESCRIPCIÓN FÍSICA--INFORMACIÓN GENERAL
campo de control de longitud fija t|
008 - DATOS DE LONGITUD FIJA--INFORMACIÓN GENERAL
campo de control de longitud fija 041014m19061916fr ||||1| fre d
100 1# - ENTRADA PRINCIPAL--NOMBRE DE PERSONA
Nombre de persona Hauser, Henri.
9 (RLIN) 62113
245 14 - MENCIÓN DEL TÍTULO
Título Les sources de l'histoire de France XVIe siècle (1494-1610) /
Mención de responsabilidad, etc. par Henri Hauser.
260 ## - PUBLICACIÓN, DISTRIBUCIÓN, ETC.
Lugar de publicación, distribución, etc. Paris :
Nombre del editor, distribuidor, etc. [s.n.,
Fecha de publicación, distribución, etc. 1906-1916] (
Lugar de fabricación/manufactura Valence :
Fabricante Imp. Valentinoise)
300 ## - DESCRIPCIÓN FÍSICA
Extensión 4 v. ;
Dimensiones 23 cm.
505 8# - NOTA DE CONTENIDO CON FORMATO
Nota de contenido con formato Contiene: I. Les premièrez guerres d'Italie. Charles VIII et Louis XII (1494-1515) - II. François I et Henri II (1515-1559) - III: Les guerres de religion (1559-1589) - IV. Henri IV (1589-1610)
651 #4 - PUNTO DE ACCESO ADICIONAL DE MATERIA--NOMBRE GEOGRÁFICO
Nombre geográfico Francia-
Subdivisión general Historia-
Subdivisión cronológica 1498-1515, Luis XII.
9 (RLIN) 172748
651 #4 - PUNTO DE ACCESO ADICIONAL DE MATERIA--NOMBRE GEOGRÁFICO
Nombre geográfico Francia-
Subdivisión general Historia-
Subdivisión cronológica 1515-1547, Francisco I.
9 (RLIN) 172749
651 #4 - PUNTO DE ACCESO ADICIONAL DE MATERIA--NOMBRE GEOGRÁFICO
Nombre geográfico Francia-
Subdivisión general Historia-
Subdivisión cronológica 1547-1559, Enrique II.
9 (RLIN) 172750
651 #4 - PUNTO DE ACCESO ADICIONAL DE MATERIA--NOMBRE GEOGRÁFICO
Nombre geográfico Francia-
Subdivisión general Historia-
Subdivisión cronológica 1559-1560, Francisco II.
9 (RLIN) 172751
651 #4 - PUNTO DE ACCESO ADICIONAL DE MATERIA--NOMBRE GEOGRÁFICO
Nombre geográfico Francia-
Subdivisión general Historia-
Subdivisión cronológica 1560-1574, Carlos IX.
9 (RLIN) 172752
651 #4 - PUNTO DE ACCESO ADICIONAL DE MATERIA--NOMBRE GEOGRÁFICO
Nombre geográfico Francia-
Subdivisión general Historia-
Subdivisión cronológica 1562-1598, Guerras de religión.
9 (RLIN) 8680
651 #4 - PUNTO DE ACCESO ADICIONAL DE MATERIA--NOMBRE GEOGRÁFICO
Nombre geográfico Francia-
Subdivisión general Historia-
Subdivisión cronológica 1598-1610, Enrique IV.
9 (RLIN) 8681
852 ## - LOCALIZACIÓN
Ubicación ES-MaACL
Número de control de estantería B-1314-17
Holdings
Estatus retirado Estado de pérdida Estado de daño No para préstamo Biblioteca de origen Biblioteca actual Ubicación en estantería Fecha de adquisición Fuente de adquisición Total de préstamos Signatura topográfica completa Código de barras Visto por última vez Precio de reemplazo Tipo de ítem Koha
        Biblioteca del Ateneo de Madrid Biblioteca del Ateneo de Madrid Sala Pardo Bazán 17/01/2008     B-1314-17 1082015 23/02/2023 23/02/2023 Libro impreso